Guess 40 Indonesian Band / Musicians Easy - Statistics

General Stats
  • This quiz has been taken 82 times
  • The average score is 28 of 40
Answer Stats
Picture Answer % Correct
JKT48
97%
DEWA 19
90%
TULUS
90%
AFGAN
85%
NOAH
85%
SLANK
84%
JUDIKA
82%
NADIN AMIZAH
81%
RIZKY FEBIAN
81%
BERNADYA
79%
ROSSA
79%
BUNGA CITRA LESTARI
77%
PAMUNGKAS
77%
IWAN FALS
76%
RAISA
76%
CHRISYE
74%
FEAST.
74%
TIARA
74%
MAUDY AYUNDA
73%
ARDHITO PRAMONO
71%
LYODRA
71%
RAN
71%
SHEILA ON 7
71%
ISYANA
69%
NIKI
69%
THE CHANGCUTERS
69%
YURA YUNITA
69%
D'MASIV
66%
TOMPI
66%
GLENN FREDLY
65%
KUNTO AJI
63%
GIGI
61%
MALIQ & D'ESSENTIALS
60%
MARCELL
58%
DANILLA
53%
YOVIE WIDIANTO
53%
NAIF
52%
ERWIN GUTAWA
45%
ADDIE MS
42%
RUTH SAHANAYA
35%
No matching quizzes found
Score Distribution
Percent of People with Each Score
Percentile by Number Answered
Your Score History
You have not taken this quiz